[Event "XXXVIII Festival A"]
[Site "Imperia ITA"]
[Date "1996.09.??"]
[Round "5"]
[White "Mocchi, Tullio"]
[Black "Bancod, Ronald"]
[WhiteElo "2161"]
[BlackElo "2400"]
[Result "1/2-1/2"]
[PlyCount "29"]
[EventDate "1996.09.01"]

1. e4 c5 2. Nf3 d6 3. c3 Nf6 4. h3 Nbd7 5. Bd3 g6 6. Bc2 Bg7 7. d4 O-O 8. O-O
e5 9. dxe5 Nxe5 10. Nxe5 dxe5 11. Qxd8 Rxd8 12. Bg5 Be6 13. Na3 b5 14. Nxb5
Rab8 15. Nc7 1/2-1/2

[Event "XXXVIII Festival A"]
[Site "Imperia ITA"]
[Date "1996.09.??"]
[Round "5"]
[White "Mrdja, Milan"]
[Black "Arlandi, Ennio"]
[WhiteElo "2455"]
[BlackElo "2445"]
[Result "1/2-1/2"]
[PlyCount "62"]
[EventDate "1996.09.01"]

1. e4 c6 2. d4 d5 3. Nc3 dxe4 4. Nxe4 Nd7 5. Nf3 Ngf6 6. Nxf6+ Nxf6 7. Bc4 Bf5
8. Ne5 e6 9. c3 Nd7 10. Bf4 Nxe5 11. Bxe5 Bd6 12. Qe2 Bxe5 13. Qxe5 Qf6 14. Qe3
Qh4 15. O-O O-O 16. f4 Rac8 17. Rad1 Rfd8 18. h3 h6 19. b4 Rd6 20. Rd2 Qd8 21.
Rff2 b6 22. Kh2 Qc7 23. g4 Bh7 24. Kg1 Kh8 25. h4 c5 26. bxc5 bxc5 27. d5 exd5
28. Rxd5 Rxd5 29. Bxd5 Qd8 30. Qf3 Qxh4 31. Bxf7 Qf6 1/2-1/2

[Event "XXXVIII Festival A"]
[Site "Imperia ITA"]
[Date "1996.09.??"]
[Round "5"]
[White "Murgia, Andrea"]
[Black "Mozny, Milos"]
[WhiteElo "2175"]
[BlackElo "2420"]
[Result "1/2-1/2"]
[PlyCount "63"]
[EventDate "1996.09.01"]

1. e4 c5 2. c3 d5 3. exd5 Qxd5 4. d4 e5 5. dxe5 Qxd1+ 6. Kxd1 Nc6 7. f4 Bf5 8.
Nf3 f6 9. Bb5 Nge7 10. exf6 O-O-O+ 11. Ke2 gxf6 12. Be3 Nd5 13. Re1 Bh6 14. g3
Rhe8 15. Kf2 Nxe3 16. Rxe3 Rxe3 17. Kxe3 Rd1 18. Nfd2 Ne7 19. Be2 Re1 20. Kf2
Rc1 21. Bf3 Rc2 22. b3 Rb2 23. Ke3 Bxb1 24. Rxb1 Rxa2 25. b4 cxb4 26. Rxb4 Nf5+
27. Kd3 Nd6 28. Ne4 Nxe4 29. Bxe4 Rxh2 30. Rxb7 f5 31. Bd5 Rh3 32. Rxh7 1/2-1/2

[Event "XXXVIII Festival A"]
[Site "Imperia ITA"]
[Date "1996.09.??"]
[Round "5"]
[White "Nurkic, Sahbaz"]
[Black "Lostuzzi, Manlio"]
[WhiteElo "2405"]
[BlackElo "2340"]
[Result "0-1"]
[PlyCount "106"]
[EventDate "1996.09.01"]

1. e4 e5 2. Nf3 Nc6 3. Bb5 Bc5 4. O-O Qf6 5. c3 Nge7 6. d3 h6 7. Be3 Bb6 8. d4
O-O 9. Bxc6 Nxc6 10. d5 Nd8 11. Bxb6 Qxb6 12. Nxe5 Qxb2 13. Nd2 d6 14. Nec4
Qxc3 15. Rc1 Qf6 16. Re1 c6 17. e5 dxe5 18. Ne4 Qf5 19. Ned6 Qd7 20. Nxc8 Rxc8
21. Nxe5 Qd6 22. Qb3 Rc7 23. Rcd1 cxd5 24. Rxd5 Qe7 25. Nf3 Ne6 26. h3 Rd8 27.
Rde5 Qd7 28. Qa3 b6 29. R5e4 Qd3 30. Qa4 Qc2 31. Qb5 Qxa2 32. Ne5 Qd5 33. Qb1
Nc5 34. R4e3 Re7 35. Kh2 Rde8 36. Rd1 Qb7 37. Qf5 Qc8 38. Qf4 Qc7 39. Rde1 f6
40. Qc4+ Ne6 41. Qxc7 Nxc7 42. Nc6 Rxe3 43. fxe3 a6 44. Rd1 Rxe3 45. Rd7 Ne8
46. Ne7+ Kh7 47. g4 h5 48. gxh5 Re5 49. Rb7 b5 50. Ra7 Kh6 51. Ng6 Re4 52. Kg3
Kxh5 53. Nf4+ Kg5 0-1

[Event "XXXVIII Festival A"]
[Site "Imperia ITA"]
[Date "1996.09.??"]
[Round "5"]
[White "Ortega, Lexy"]
[Black "Sarno, Spartaco"]
[WhiteElo "2495"]
[BlackElo "2410"]
[Result "1/2-1/2"]
[PlyCount "37"]
[EventDate "1996.09.01"]

1. Nf3 Nf6 2. c4 g6 3. Nc3 d5 4. cxd5 Nxd5 5. g3 Bg7 6. Bg2 O-O 7. O-O c5 8. d3
Nc6 9. Bd2 Nc7 10. a3 Bd7 11. Rb1 a5 12. Be3 Ne6 13. Qd2 Ncd4 14. b4 cxb4 15.
axb4 Nf5 16. Bc5 Bc6 17. g4 Nfd4 18. Nxd4 Nxd4 19. Bxc6 1/2-1/2

[Event "XXXVIII Festival A"]
[Site "Imperia ITA"]
[Date "1996.09.??"]
[Round "5"]
[White "Pegoraro, Nicola"]
[Black "Barlocco, Carlo"]
[WhiteElo "2034"]
[BlackElo "2195"]
[Result "0-1"]
[PlyCount "130"]
[EventDate "1996.09.01"]

1. e4 d6 2. d4 Nf6 3. Nc3 e5 4. dxe5 dxe5 5. Qxd8+ Kxd8 6. Bg5 Be6 7. O-O-O+
Nbd7 8. f4 exf4 9. Bxf4 Ng4 10. Nh3 Bc5 11. Nd5 Rc8 12. b4 Bxd5 13. Rxd5 Bxb4
14. Be2 Ngf6 15. Bg5 Ke8 16. Bxf6 Nxf6 17. Re5+ Kf8 18. Rf1 Re8 19. Rxe8+ Nxe8
20. Bc4 Nd6 21. Bxf7 Ke7 22. Bb3 Bc3 23. Kd1 Bf6 24. Ke2 Nxe4 25. Kd3 Nc5+ 26.
Kc4 Nxb3 27. axb3 Rd8 28. c3 Rd2 29. Rf2 Rxf2 30. Nxf2 c6 31. Ne4 Be5 32. h3
Bh2 33. b4 Bg1 34. Kd3 h6 35. c4 Ke6 36. c5 b6 37. Kc4 b5+ 38. Kd3 Bh2 39. Nc3
Be5 40. Ne4 Kd5 41. Nd2 a5 42. bxa5 Kxc5 43. Nb3+ Kd5 44. a6 Bb8 45. Nd4 g6 46.
h4 Ba7 47. h5 gxh5 48. Nf5 Kc5 49. Nxh6 Kb6 50. Nf5 Kxa6 51. Ng3 h4 52. Nf5 Bf2
53. Nd6 c5 54. Kc3 Ka5 55. Kb3 Be1 56. Nb7+ Kb6 57. Nd6 Kc6 58. Nf5 c4+ 59. Kc2
b4 60. Nd4+ Kc5 61. Nf3 Bg3 62. Kb2 Kb5 63. Ka2 b3+ 64. Ka3 Bd6+ 65. Kb2 Kb4
0-1

[Event "XXXVIII Festival A"]
[Site "Imperia ITA"]
[Date "1996.09.??"]
[Round "5"]
[White "Rossi, Giampiero"]
[Black "Wagman, Stuart"]
[WhiteElo "2105"]
[BlackElo "2195"]
[Result "1/2-1/2"]
[PlyCount "67"]
[EventDate "1996.09.01"]

1. d4 d5 2. c4 c6 3. cxd5 cxd5 4. Nc3 Nc6 5. Nf3 Nf6 6. Bf4 Ne4 7. e3 Nxc3 8.
bxc3 g6 9. Be2 Bg7 10. O-O O-O 11. Qb3 Na5 12. Qb5 e6 13. Rfc1 Bd7 14. Qc5 Bc6
15. Ne5 Re8 16. Nxc6 bxc6 17. Qd6 Qxd6 18. Bxd6 Bf8 19. Bb4 Nb7 20. Bxf8 Kxf8
21. c4 Nd6 22. c5 Nf5 23. Bd3 e5 24. Bxf5 gxf5 25. Rab1 exd4 26. exd4 Re2 27.
a4 Ra2 28. Rb3 Rxa4 29. Rd1 Re8 30. Kf1 Re4 31. Rbd3 f4 32. f3 Re7 33. Kf2 f5
34. g3 1/2-1/2

[Event "XXXVIII Festival A"]
[Site "Imperia ITA"]
[Date "1996.09.??"]
[Round "5"]
[White "Spinelli, Doriano"]
[Black "Vismara, Daniele"]
[WhiteElo "2195"]
[BlackElo "2155"]
[Result "1-0"]
[PlyCount "81"]
[EventDate "1996.09.01"]

1. e4 c5 2. g3 Nc6 3. c3 d5 4. d3 Nf6 5. Qe2 e5 6. f3 Be7 7. Nh3 O-O 8. Nf2 b5
9. a4 Qa5 10. Bd2 dxe4 11. dxe4 bxa4 12. Na3 Rd8 13. Nc4 Qb5 14. Qd1 Be6 15.
Rxa4 Bxc4 16. Bxc4 Qxb2 17. Nd3 Qb6 18. Ra6 Qc7 19. Qa1 Rd6 20. Be3 Rad8 21.
Nf2 Nd7 22. Bd5 Ndb8 23. Ra4 R6d7 24. Qa2 Bf8 25. Bg5 Re8 26. O-O Nd8 27. Ra1
a6 28. Rb1 Be7 29. Be3 h6 30. Qb3 Bd6 31. Nd3 Ne6 32. Qa2 Nd8 33. Nb2 Be7 34.
Nc4 Bg5 35. Bf2 Ndc6 36. h4 Bf6 37. Nb6 Rdd8 38. Rc4 Be7 39. Bxc5 Bxc5+ 40.
Rxc5 Qe7 41. Qc4 1-0

[Event "XXXVIII Festival A"]
[Site "Imperia ITA"]
[Date "1996.09.??"]
[Round "5"]
[White "Tonon, Alessandro"]
[Black "Beil, Zdenek"]
[WhiteElo "2105"]
[BlackElo "2325"]
[Result "0-1"]
[PlyCount "78"]
[EventDate "1996.09.01"]

1. d4 d5 2. c4 c6 3. Nf3 Nf6 4. Nc3 dxc4 5. e3 b5 6. a4 b4 7. Nb1 Ba6 8. Nfd2
Qd5 9. Qc2 e6 10. Nxc4 Be7 11. b3 O-O 12. Nbd2 Rc8 13. Bb2 c5 14. Be2 Bb7 15.
Bf3 Qd7 16. O-O cxd4 17. Bxd4 Bxf3 18. Nxf3 Nc6 19. Bb2 Na5 20. Rfd1 Qe8 21.
Nfd2 Rc6 22. Qd3 Rd8 23. Qe2 Nxc4 24. Nxc4 Nd5 25. e4 Nc3 26. Bxc3 bxc3 27.
Rxd8 Qxd8 28. Rd1 Qb8 29. Qc2 Bb4 30. g3 g6 31. Rd3 h5 32. Qd1 Kg7 33. Qc2 a5
34. Qd1 Rc8 35. e5 Rc5 36. Qf3 Rd5 37. Rxd5 exd5 38. Qf6+ Kg8 39. e6 Qe8 0-1

[Event "XXXVIII Festival A"]
[Site "Imperia ITA"]
[Date "1996.09.??"]
[Round "5"]
[White "Travaglini, Alberto"]
[Black "Mokosch, Andreas"]
[WhiteElo "2021"]
[BlackElo "2180"]
[Result "1-0"]
[PlyCount "33"]
[EventDate "1996.09.01"]

1. d4 d5 2. Nf3 c6 3. Bf4 Nf6 4. Nbd2 Bf5 5. e3 Nbd7 6. Ne5 e6 7. g4 Bg6 8. h4
h6 9. Nxg6 fxg6 10. Bd3 Kf7 11. Qf3 Qe8 12. h5 gxh5 13. gxh5 Kg8 14. Be5 Nxe5
15. dxe5 Nd7 16. Qg3 Qe7 17. f4 1-0

[Event "XXXVIII Festival A"]
[Site "Imperia ITA"]
[Date "1996.09.??"]
[Round "5"]
[White "Viaggi, Giovanni"]
[Black "Cugini, Verter"]
[WhiteElo "2120"]
[BlackElo "2255"]
[Result "1-0"]
[PlyCount "53"]
[EventDate "1996.09.01"]

1. e4 e6 2. d4 d5 3. e5 c5 4. c3 Nc6 5. Nf3 Qb6 6. a3 c4 7. Nbd2 Bd7 8. b3 cxb3
9. Nxb3 Na5 10. Nxa5 Qxa5 11. Bd2 Qa4 12. Qb1 b6 13. Bd3 Ne7 14. O-O h6 15. Rc1
Rc8 16. h3 Rc7 17. Rc2 Nc8 18. Rb2 Be7 19. Bc2 Qc6 20. a4 Qa8 21. Bd3 Qc6 22.
c4 Bd8 23. a5 Rb7 24. cxd5 exd5 25. a6 Rc7 26. e6 fxe6 27. Ne5 1-0

[Event "XXXVIII Festival A"]
[Site "Imperia ITA"]
[Date "1996.09.??"]
[Round "5"]
[White "Vujovic, Milorad"]
[Black "Beeckmans, Felix"]
[WhiteElo "2310"]
[BlackElo "2175"]
[Result "1-0"]
[PlyCount "69"]
[EventDate "1996.09.01"]

1. e4 c5 2. Nf3 g6 3. d4 cxd4 4. Nxd4 Bg7 5. Nc3 Nc6 6. Be3 Nf6 7. Be2 O-O 8.
Nb3 a5 9. a4 Nb4 10. Bf3 d6 11. O-O Be6 12. Nd4 Bc4 13. Re1 Rc8 14. Qd2 d5 15.
e5 Ne4 16. Nxe4 dxe4 17. Bxe4 Bxe5 18. Bxb7 Rc7 19. Be4 Rd7 20. c3 Bxd4 21.
cxb4 Bxe3 22. Qxe3 axb4 23. Qc5 Rd4 24. Qxb4 e5 25. Qb7 f5 26. Bc6 Rd2 27. b3
Be2 28. a5 e4 29. Qb6 Qg5 30. Qe3 Qxe3 31. fxe3 Rb8 32. Rxe2 Rxe2 33. a6 Rb2
34. a7 R2xb3 35. Bd5+ 1-0

[Event "XXXVIII Festival A"]
[Site "Imperia ITA"]
[Date "1996.09.??"]
[Round "5"]
[White "Welker, Michael"]
[Black "Ventura, Boris"]
[WhiteElo "2085"]
[BlackElo "2190"]
[Result "1-0"]
[PlyCount "49"]
[EventDate "1996.09.01"]

1. c4 Nf6 2. Nc3 d6 3. d4 g6 4. e4 Bg7 5. Be2 O-O 6. Be3 c6 7. g4 Qa5 8. f3 a6
9. Qd2 b5 10. a3 bxc4 11. Bxc4 Bb7 12. Nge2 Nbd7 13. h4 d5 14. Ba2 e5 15. h5
dxe4 16. hxg6 exf3 17. gxf7+ Kh8 18. Bh6 Nd5 19. Bxg7+ Kxg7 20. Qg5+ Kxf7 21.
Bxd5+ Ke8 22. Rxh7 Rf6 23. Qg7 Qd8 24. Ne4 fxe2 25. Nd6+ 1-0

[Event "XXXVIII Festival A"]
[Site "Imperia ITA"]
[Date "1996.09.??"]
[Round "5"]
[White "Zedek, Alois"]
[Black "Maes, Valeer"]
[WhiteElo "2275"]
[BlackElo "2265"]
[Result "0-1"]
[PlyCount "78"]
[EventDate "1996.09.01"]

1. d4 Nf6 2. c4 g6 3. Nf3 Bg7 4. g3 O-O 5. Bg2 d6 6. Nc3 Nc6 7. O-O a6 8. e4
Bg4 9. Be3 Nd7 10. h3 Bxf3 11. Bxf3 e5 12. d5 Nd4 13. Bg2 c5 14. dxc6 bxc6 15.
Qd2 Rb8 16. Ne2 c5 17. Nc3 Qa5 18. Kh2 Nb6 19. b3 f5 20. exf5 gxf5 21. Nd5 Qxd2
22. Bxd2 e4 23. Nxb6 Rxb6 24. Rad1 Be5 25. Kh1 Kh8 26. Rfe1 a5 27. Rb1 Ra6 28.
Red1 h5 29. Kg1 Nc2 30. g4 hxg4 31. hxg4 Bd4 32. g5 Nb4 33. a3 Nd3 34. Be3 Bxe3
35. fxe3 Rg8 36. Bh3 Rxg5+ 37. Kh2 Ne5 38. Rd5 Ra7 39. Bg2 Nf3+ 0-1

[Event "XXXVIII Festival A"]
[Site "Imperia ITA"]
[Date "1996.09.??"]
[Round "6"]
[White "Bancod, Ronald"]
[Black "Lacrosse, Marc"]
[WhiteElo "2400"]
[BlackElo "2250"]
[Result "1-0"]
[PlyCount "71"]
[EventDate "1996.09.01"]

1. e4 e5 2. Nf3 Nc6 3. Bc4 Bc5 4. O-O Nf6 5. d3 a6 6. c3 Ba7 7. Bb3 O-O 8. Re1
d6 9. Nbd2 Ng4 10. Re2 Kh8 11. h3 Nh6 12. Nf1 f5 13. N1h2 Qf6 14. Be3 Bd7 15.
Bxa7 Rxa7 16. d4 fxe4 17. dxe5 Nxe5 18. Nxe5 Qxe5 19. Qd5 Re8 20. Rae1 Bc6 21.
Qxe5 Rxe5 22. f3 d5 23. fxe4 dxe4 24. Nf3 Re8 25. Nd4 Bd7 26. Rxe4 Raa8 27.
Rxe8+ Rxe8 28. Rxe8+ Bxe8 29. Ne6 Bf7 30. Nxc7 Bxb3 31. axb3 Kg8 32. Ne6 Nf5
33. Kf2 Nd6 34. Ke3 Kf7 35. Ng5+ Kg6 36. Ne4 1-0

[Event "XXXVIII Festival A"]
[Site "Imperia ITA"]
[Date "1996.09.??"]
[Round "6"]
[White "Beeckmans, Felix"]
[Black "Welker, Michael"]
[WhiteElo "2175"]
[BlackElo "2085"]
[Result "1/2-1/2"]
[PlyCount "93"]
[EventDate "1996.09.01"]

1. e4 e6 2. d3 d5 3. Nd2 Nf6 4. Ngf3 Be7 5. g3 O-O 6. Bg2 c5 7. O-O Nc6 8. e5
Nd7 9. Re1 b5 10. Nf1 a5 11. h4 b4 12. Bf4 Ba6 13. Ng5 Qe8 14. Nh2 a4 15. b3
Bb5 16. Rc1 axb3 17. axb3 Ra2 18. Bh3 Nd4 19. Be3 h6 20. Ngf3 Nxf3+ 21. Nxf3 d4
22. Bf4 Bc6 23. Nd2 Bd5 24. Nc4 Qa8 25. Qe2 Bf3 26. Qf1 g5 27. hxg5 hxg5 28.
Bd2 Kg7 29. Bg2 Rh8 30. Bxf3 Qxf3 31. Qg2 Qh5 32. f3 Rh6 33. Kf2 Qh2 34. Rh1
Qxg2+ 35. Kxg2 Rxh1 36. Kxh1 f6 37. exf6+ Kxf6 38. Kg2 e5 39. g4 Ke6 40. Be1
Kd5 41. Bg3 Bf6 42. Kf2 Nf8 43. Ke2 Ng6 44. Nd2 Be7 45. Ne4 Ke6 46. Kd2 Ra8 47.
Rh1 1/2-1/2

[Event "XXXVIII Festival A"]
[Site "Imperia ITA"]
[Date "1996.09.??"]
[Round "6"]
[White "Beil, Zdenek"]
[Black "Garrido, Denis"]
[WhiteElo "2325"]
[BlackElo "2215"]
[Result "1-0"]
[PlyCount "59"]
[EventDate "1996.09.01"]

1. d4 Nf6 2. Nf3 c5 3. d5 d6 4. c4 g6 5. g3 e6 6. Nc3 exd5 7. cxd5 Bg7 8. Bg2
O-O 9. O-O Nbd7 10. a4 Re8 11. Bf4 Bf8 12. Qd2 Ne4 13. Nxe4 Rxe4 14. Ng5 Rb4
15. Qc2 b5 16. Ne6 fxe6 17. dxe6 Nb6 18. a5 Nc4 19. Bd5 Qe7 20. b3 Bb7 21. bxc4
Bxd5 22. cxd5 Bg7 23. Ra3 Rf8 24. Rb1 Rc4 25. Qd2 b4 26. Bg5 Bf6 27. Bxf6 Rxf6
28. Rd3 Rf5 29. Qa2 Re4 30. f3 1-0

[Event "XXXVIII Festival A"]
[Site "Imperia ITA"]
[Date "1996.09.??"]
[Round "6"]
[White "Botta, Tibor"]
[Black "Krouzel, Jaroslav"]
[WhiteElo "2215"]
[BlackElo "2240"]
[Result "1/2-1/2"]
[PlyCount "32"]
[EventDate "1996.09.01"]

1. d4 f5 2. Nf3 Nf6 3. Bf4 g6 4. e3 Bg7 5. Be2 O-O 6. h3 d6 7. O-O c6 8. Nbd2
Qe8 9. b3 h6 10. Bh2 Nbd7 11. Bc4+ Kh7 12. Be6 Nb6 13. Bc4 Nh5 14. e4 f4 15. e5
Bf5 16. Re1 d5 1/2-1/2

[Event "XXXVIII Festival A"]
[Site "Imperia ITA"]
[Date "1996.09.??"]
[Round "6"]
[White "Bozzali, Ermanno"]
[Black "Nurkic, Sahbaz"]
[WhiteElo "2195"]
[BlackElo "2405"]
[Result "0-1"]
[PlyCount "102"]
[EventDate "1996.09.01"]

1. e4 g6 2. d4 Bg7 3. Nc3 c6 4. f4 d5 5. e5 h5 6. Nf3 Bg4 7. h3 Bxf3 8. Qxf3 e6
9. g3 Nd7 10. Be3 a6 11. Bd3 Qa5 12. Bd2 Qb6 13. Qf2 Qc7 14. Na4 Bf8 15. Nc5
Ne7 16. Nxd7 Qxd7 17. Bb4 O-O-O 18. O-O-O Nf5 19. Bxf8 Rdxf8 20. g4 Ne7 21. f5
Kb8 22. f6 Nc8 23. Be2 h4 24. g5 Na7 25. Rhg1 c5 26. Rg4 cxd4 27. Rxh4 Nc6 28.
Rxh8 Rxh8 29. h4 Qc7 30. Bd3 Qxe5 31. Re1 Qd6 32. h5 Rxh5 33. Bxg6 fxg6 34. f7
Rh8 35. Qf6 Rf8 36. Rxe6 Qd7 37. Qf4+ Ka7 38. Rf6 Qe7 39. Kd1 Qe5 40. Qg4 Qe4
41. Qd7 d3 42. cxd3 Qxd3+ 43. Ke1 Qb1+ 44. Kf2 Qxb2+ 45. Kg3 Qe5+ 46. Kf2 Qd4+
47. Kg2 Qd2+ 48. Rf2 Qxg5+ 49. Kf1 Ne5 50. Qxd5 Qc1+ 51. Kg2 Qc6 0-1

[Event "XXXVIII Festival A"]
[Site "Imperia ITA"]
[Date "1996.09.??"]
[Round "6"]
[White "Budka, Jan"]
[Black "Barlocco, Carlo"]
[WhiteElo "2018"]
[BlackElo "2195"]
[Result "0-1"]
[PlyCount "130"]
[EventDate "1996.09.01"]

1. e4 d6 2. d4 Nf6 3. Nc3 e5 4. Nf3 Nbd7 5. dxe5 dxe5 6. Bc4 Bb4 7. O-O O-O 8.
Re1 c6 9. Qe2 Qc7 10. Bd2 b5 11. Bb3 Ba5 12. Nd1 Bxd2 13. Nxd2 Nc5 14. a3 Bg4
15. Qe3 Qd6 16. f3 Be6 17. Bxe6 Nxe6 18. Nf2 Rfd8 19. Rad1 Qc7 20. Nf1 Nd4 21.
Rd2 Rd7 22. c3 Ne6 23. Red1 Rad8 24. Rxd7 Rxd7 25. Rxd7 Qxd7 26. Qd2 Nc5 27.
Qxd7 Nfxd7 28. Ne3 Nb6 29. Kf1 Nba4 30. Ned1 Kf8 31. Ke2 Ke7 32. Nd3 Nxd3 33.
Kxd3 Nc5+ 34. Kc2 g6 35. Nf2 f5 36. Nd3 Nd7 37. Nf2 c5 38. g4 Kf6 39. b3 fxg4
40. Nxg4+ Kg5 41. Kd3 Kf4 42. Ke2 Nb6 43. Kf2 c4 44. h4 g5 45. bxc4 Nxc4 46. h5
Nxa3 47. h6 Nc4 48. Nf6 g4 49. fxg4 Nd6 50. Nxh7 Nf7 51. g5 Kxe4 52. Kg3 Kf5
53. Kh4 e4 54. Kh5 e3 55. g6 Nxh6 56. Kxh6 e2 57. g7 e1=Q 58. g8=Q Qh4+ 59. Kg7
Qg4+ 60. Kf8 Qxg8+ 61. Kxg8 a5 62. Nf8 a4 63. Nd7 Ke6 64. Nc5+ Kd5 65. Na6 Kc4
0-1

[Event "XXXVIII Festival A"]
[Site "Imperia ITA"]
[Date "1996.09.??"]
[Round "6"]
[White "Colombo, Paolo"]
[Black "Pegoraro, Nicola"]
[WhiteElo "2205"]
[BlackElo "2034"]
[Result "1/2-1/2"]
[PlyCount "123"]
[EventDate "1996.09.01"]

1. d4 f5 2. Nf3 Nf6 3. Bg5 e6 4. Nbd2 d5 5. e3 Be7 6. Ne5 O-O 7. Bd3 Nbd7 8.
Ndf3 Ne4 9. Bxe7 Qxe7 10. O-O Ndf6 11. Nd2 Bd7 12. f3 Ng5 13. Qe1 Nf7 14. Nxf7
Rxf7 15. e4 Raf8 16. c3 Nh5 17. exf5 exf5 18. Qxe7 Rxe7 19. Rfe1 Rfe8 20. Kf2
Nf4 21. Bf1 g5 22. g3 Nh5 23. Rxe7 Rxe7 24. Re1 Rxe1 25. Kxe1 Nf6 26. Kf2 Ne8
27. Ke3 Kf7 28. Bg2 Be6 29. Nb3 b6 30. Nc1 Nd6 31. Bf1 Bd7 32. b3 Bc8 33. Bd3
Kf6 34. Ne2 h6 35. f4 g4 36. Nc1 Bd7 37. a4 Bc8 38. b4 Bd7 39. a5 bxa5 40. bxa5
Ba4 41. Na2 Nb7 42. Nb4 c6 43. a6 Nd6 44. Kd2 Ke6 45. Kc1 Kd7 46. Bb1 Bb5 47.
Kb2 Kc7 48. Bd3 Kb6 49. Kb3 Bxd3 50. Nxd3 Kxa6 51. Nc5+ Kb5 52. Ne6 Kb6 53. Ng7
Kc7 54. Ne6+ Kd7 55. Nf8+ Ke8 56. Ng6 Nc4 57. Kb4 a5+ 58. Ka4 Kd8 59. Ne5 Ne3
60. Nxc6+ Kc7 61. Ne7 Kd7 62. Ng6 1/2-1/2

[Event "XXXVIII Festival A"]
[Site "Imperia ITA"]
[Date "1996.09.??"]
[Round "6"]
[White "Di Paolo, Raffaele"]
[Black "Zlochevskij, Alexander"]
[WhiteElo "2285"]
[BlackElo "2415"]
[Result "0-1"]
[PlyCount "104"]
[EventDate "1996.09.01"]

1. e4 c6 2. Nc3 d5 3. Qf3 dxe4 4. Nxe4 Nd7 5. b3 Ndf6 6. Bb2 Bg4 7. Qf4 Nxe4 8.
Qxe4 Bh5 9. Nf3 Nf6 10. Qc4 Bxf3 11. gxf3 Qd6 12. O-O-O g6 13. f4 Bg7 14. Be5
Qa3+ 15. Kb1 O-O 16. h4 Nd5 17. Bxg7 Kxg7 18. c3 Qd6 19. f5 Qf4 20. Qxf4 Nxf4
21. Re1 Kf6 22. Re4 Nd5 23. fxg6 hxg6 24. c4 Nc7 25. Bh3 Rh8 26. Rhe1 e6 27.
R1e3 Rad8 28. d4 Rh7 29. Rf4+ Ke7 30. Bg2 f5 31. b4 Kf7 32. a4 Rdh8 33. b5 Rxh4
34. Rxh4 Rxh4 35. bxc6 bxc6 36. Rb3 Ke7 37. Bxc6 Rxd4 38. c5 Rc4 39. Rb7 Rxc5
40. Rxc7+ Kd6 41. Rxa7 Rxc6 42. Kb2 g5 43. Kb3 g4 44. a5 Kd5 45. Rd7+ Ke4 46.
Rd2 Kf3 47. Ra2 f4 48. Kb4 e5 49. Kb5 Rc8 50. Kb6 e4 51. Kb7 Rf8 52. Rc2 e3 0-1

[Event "XXXVIII Festival A"]
[Site "Imperia ITA"]
[Date "1996.09.??"]
[Round "6"]
[White "Everet, Alexandro"]
[Black "Blasco, Domenico"]
[WhiteElo "2130"]
[BlackElo "2220"]
[Result "1/2-1/2"]
[PlyCount "111"]
[EventDate "1996.09.01"]

1. e4 Nf6 2. e5 Nd5 3. c4 Nb6 4. d4 d6 5. f4 dxe5 6. fxe5 Nc6 7. Nf3 Bg4 8. Be3
Qd7 9. Nbd2 e6 10. Be2 Be7 11. O-O O-O 12. a3 f6 13. b4 Rad8 14. d5 exd5 15.
Bxb6 axb6 16. cxd5 Bxf3 17. Nxf3 Nxe5 18. Qc2 Nxf3+ 19. Rxf3 f5 20. Rc1 Bd6 21.
Bd3 g6 22. h4 h5 23. Rcf1 Qg7 24. Kh1 Qd4 25. g3 Kg7 26. Bxf5 Qxd5 27. Be4 Rxf3
28. Rxf3 Qe6 29. Kg2 Re8 30. Bxb7 Qe2+ 31. Qxe2 Rxe2+ 32. Kf1 Ra2 33. Bd5 Ra1+
34. Kg2 Rd1 35. Bb3 Rd2+ 36. Kh3 Rb2 37. Rf7+ Kg8 38. Bc4 Rc2 39. Rxc7+ Kf8 40.
Rd7 Be5 41. Rd5 Bc7 42. Bd3 Rc3 43. a4 Ke7 44. a5 bxa5 45. bxa5 Bxa5 46. Bxg6
Bc7 47. Bd3 Ke6 48. Rd4 Be5 49. Bc4+ Kf6 50. Rd3 Rxc4 51. Rf3+ Kg6 52. Re3 Kf5
53. Rf3+ Ke4 54. Rb3 Rc3 55. Rxc3 Bxc3 56. g4 1/2-1/2

[Event "XXXVIII Festival A"]
[Site "Imperia ITA"]
[Date "1996.09.??"]
[Round "6"]
[White "Fusari, Paolo"]
[Black "Bonugli, Carlo"]
[WhiteElo "1903"]
[BlackElo "2070"]
[Result "1-0"]
[PlyCount "35"]
[EventDate "1996.09.01"]

1. e4 e6 2. d4 d5 3. exd5 exd5 4. c4 Nf6 5. Nc3 c6 6. Be3 Be7 7. Qc2 O-O 8. Nf3
Nbd7 9. Bd3 dxc4 10. Bxc4 Nb6 11. Bd3 Nbd5 12. Nxd5 Qxd5 13. O-O h6 14. Rfe1
Bd6 15. Ne5 Ng4 16. Bc4 Qa5 17. Nxg4 Bf5 18. Bd2 1-0

[Event "XXXVIII Festival A"]
[Site "Imperia ITA"]
[Date "1996.09.??"]
[Round "6"]
[White "Garano, Nicola"]
[Black "Bozzi, Gianni"]
[WhiteElo "2125"]
[BlackElo "2250"]
[Result "1-0"]
[PlyCount "44"]
[EventDate "1996.09.01"]

1. e4 Nf6 2. e5 Nd5 3. d4 d6 4. Nf3 g6 5. Bc4 Nb6 6. Bb3 Bg7 7. a4 a5 8. Qe2 d5
9. h3 Nc6 10. Nc3 O-O 11. O-O Nb4 12. Bf4 Bf5 13. Nd1 Qd7 14. Re1 Rac8 15. Ne3
c5 16. dxc5 Rxc5 17. Nxf5 Qxf5 18. Be3 Rc6 19. Nd4 Qd7 20. Nxc6 Qxc6 21. c3 Na6
22. Qb5 Nd7 1-0

[Event "XXXVIII Festival A"]
[Site "Imperia ITA"]
[Date "1996.09.??"]
[Round "6"]
[White "Jandourek, Lukas"]
[Black "Stodola, Jaroslav"]
[WhiteElo "2220"]
[BlackElo "2130"]
[Result "1/2-1/2"]
[PlyCount "21"]
[EventDate "1996.09.01"]

1. e4 c5 2. Nc3 Nc6 3. f4 g6 4. Nf3 Bg7 5. Bb5 d6 6. Bxc6+ bxc6 7. d3 Rb8 8.
O-O e6 9. Qe1 Ne7 10. b3 O-O 11. Bb2 1/2-1/2

[Event "XXXVIII Festival A"]
[Site "Imperia ITA"]
[Date "1996.09.??"]
[Round "6"]
[White "Kucera, Petr"]
[Black "Zedek, Alois"]
[WhiteElo "2330"]
[BlackElo "2275"]
[Result "1/2-1/2"]
[PlyCount "25"]
[EventDate "1996.09.01"]

1. e4 c5 2. Nf3 Nc6 3. d4 cxd4 4. Nxd4 e5 5. Nb5 d6 6. N1c3 a6 7. Na3 b5 8. Nd5
Nge7 9. Bg5 Qa5+ 10. Bd2 Qd8 11. Bg5 Qa5+ 12. Bd2 Qd8 13. Bg5 1/2-1/2

[Event "XXXVIII Festival A"]
[Site "Imperia ITA"]
[Date "1996.09.??"]
[Round "6"]
[White "Lanzani, Mario"]
[Black "Murgia, Andrea"]
[WhiteElo "2355"]
[BlackElo "2175"]
[Result "1-0"]
[PlyCount "91"]
[EventDate "1996.09.01"]

1. e4 e5 2. Bc4 c6 3. d4 d5 4. exd5 cxd5 5. Bb5+ Bd7 6. Bxd7+ Nxd7 7. dxe5 Nxe5
8. Nf3 Nxf3+ 9. Qxf3 Qe7+ 10. Qe2 Qxe2+ 11. Kxe2 Nf6 12. Bg5 Ne4 13. Be3 Bc5
14. f3 Bxe3 15. Kxe3 Nf6 16. Rd1 O-O 17. Nc3 Rfe8+ 18. Kf2 Rac8 19. Rd4 Rc5 20.
Rad1 Kf8 21. R1d2 Rec8 22. Ke2 Rc4 23. Kd1 Rxd4 24. Rxd4 Rc5 25. Kd2 Ke7 26. b4
Rc6 27. g4 Ke6 28. Kd3 g5 29. h3 Ke5 30. Ne2 Ra6 31. f4+ gxf4 32. Rxf4 Rxa2 33.
Rf5+ Ke6 34. Nf4+ Ke7 35. Nxd5+ Nxd5 36. Rxd5 Ra6 37. Rb5 Rd6+ 38. Kc4 b6 39.
Rh5 Rc6+ 40. Kb3 h6 41. c4 Re6 42. Ka4 a6 43. c5 bxc5 44. Rxc5 Rf6 45. Ka5 Kd7
46. Rf5 1-0

[Event "XXXVIII Festival A"]
[Site "Imperia ITA"]
[Date "1996.09.??"]
[Round "6"]
[White "Lostuzzi, Manlio"]
[Black "Arlandi, Ennio"]
[WhiteElo "2340"]
[BlackElo "2445"]
[Result "0-1"]
[PlyCount "90"]
[EventDate "1996.09.01"]

1. e4 c6 2. c4 d5 3. cxd5 cxd5 4. exd5 Nf6 5. Nc3 Nxd5 6. Nf3 e6 7. d4 Be7 8.
Bd3 Nc6 9. O-O O-O 10. Re1 Bf6 11. Be4 Nce7 12. Qb3 b6 13. Nxd5 Nxd5 14. Ne5
Bb7 15. Qh3 g6 16. Bh6 Bg7 17. Rad1 Rc8 18. Rd3 f5 19. Bxd5 Bxd5 20. Bxg7 Kxg7
21. Rc3 Qg5 22. Nf3 Rxc3 23. bxc3 Qf4 24. Qg3 Qxg3 25. hxg3 Rc8 26. Rc1 Bxf3
27. gxf3 Rc4 28. Kf1 b5 29. Ke2 Ra4 30. Rc2 Kf6 31. f4 Ke7 32. Kd1 Kd6 33. Kc1
Kd5 34. Re2 b4 35. cxb4 Kxd4 36. Kd1 Kc3 37. Rxe6 Rxa2 38. Ke1 Kxb4 39. Re7 a5
40. Rxh7 a4 41. Rg7 Rb2 42. Kd1 a3 43. Kc1 Kb3 44. Rxg6 Rc2+ 45. Kd1 Rxf2 0-1